Fuerte Bulnes: Historia de la ocupación del Estrecho de Magallanes por el Gobierno de Chile en 1843, precedida de una Crónica somera de aquel paso de mar y los antecedentes de la expedición i viaje de la goleta Ancud, fundación del fuerte Bulnes y sucesos ocurridos hasta el traslado de la colonia a Punta Arenas en 1849

Saved in:
Bibliographic Details
Main Author: Braun Menéndez, Armando (Author)
Format: Book
Language:Spanish
Published: Buenos Aires Emecé 1943
Edition:1a. ed
Subjects:
Tags: Add Tag
No Tags, Be the first to tag this record!

MARC

LEADER 00000cam a2200000 a 4500
001 UCJ5185
003 CL-VaPUC
008 070124e19431223AG |||||||||||||||||spa|d
082 0 4 |a 983  |b BRA  |2 21 
100 0 |a Braun Menéndez, Armando  |e author  |9 510041 
245 1 0 |a Fuerte Bulnes: Historia de la ocupación del Estrecho de Magallanes por el Gobierno de Chile en 1843, precedida de una Crónica somera de aquel paso de mar y los antecedentes de la expedición i viaje de la goleta Ancud, fundación del fuerte Bulnes y sucesos ocurridos hasta el traslado de la colonia a Punta Arenas en 1849 
250 |a 1a. ed 
300 |a 353 p 
942 |c BK 
945 |d 20070124 00:00:00  |a rinostro 
260 |a Buenos Aires  |b Emecé  |c 1943 
500 |a front., retrato del Presidente Bulnes. Numerosa y buena iconografía e ilustraciones; mapas en p 152 y 201. El Capitán Juan Williams algunas veces castellanizó su apellido y firmaba Juan Guillermos 
650 0 |a Descubrimientos geográficos  |9 331933 
650 7 |a COLONIZACION CHILENA  |2 CL-VaPUC  |9 507988 
650 0 |a Misioneros  |9 324171 
650 7 |a PIRATAS  |2 CL-VaPUC  |9 317855 
650 0 |a Historia de Chile  |9 265473 
651 0 |a Estrecho de Magallanes  |9 354479 
651 7 |a FUERTE BULNES  |2 CL-VaPUC  |9 510042 
651 7 |a PUNTA ARENAS  |2 CL-VaPUC  |9 314722 
583 |a last modification  |c 20160628 09:20:38  |k Rodrigo Vera 
999 |c 321298  |d 321296 
952 |0 0  |1 0  |4 0  |6 983_000000000000000_BRA_1943  |7 0  |8 X  |9 400000  |a FDOBUD  |b FDOBUD  |d 2019-11-22  |i 1031007  |o 983 BRA 1943  |p 1031007  |r 2019-11-22  |w 2019-11-22  |y BK_X  |k BUD 
952 |0 0  |1 0  |3 erd  |4 0  |6 983_000000000000000_BRA_1943  |7 0  |8 A  |9 400001  |a FDOHBE  |b BIBHIS  |e Huesbe Llanos, Marco Antonio, 1934-  |i 5332133  |l 6  |m 1  |o 983 BRA 1943  |p 5332133  |r 2024-01-30  |s 2022-06-13  |w 2019-11-22  |y BK  |z Catalogado en:20160701  |k HBE